000
00324nam a22001337a 4500
008
171024b xxu||||| |||| 00| 0 eng d
020
_a
9780139234422
041
_a
eng
080
_a
311
100
_a
55
101
_a
STA
245
_a
LEARNING BUSINESS STATISTICS WITH MICROSOFT EXCEL 97
_c
NEUFELD, J.L
942
_2
udc
_c
BK
999
_c
35673
_d
35673